| 000 | 00826nam a2200205Ia 4500 | ||
|---|---|---|---|
| 003 | GCL | ||
| 008 | 140319s9999 xx 000 0 ara d | ||
| 020 | _a1870215977 | ||
| 040 |
_aGCL / _cGCL |
||
| 082 | 0 | 4 |
_a416 _bم ف |
| 100 | 1 | _aمحمد عبدالمجيد الطويل | |
| 245 | 1 | 0 |
_aالفصول فى القوافى : _bلابى الدهان:ابى محمد سعيد بن المبارك ت 569هـ / _cمحمد عبدالمجيد الطويل |
| 250 | _aالاولى | ||
| 260 |
_a[S.N] : _bدار غريب للطباعة والنشر والتوزيع ، _c2006 |
||
| 300 |
_a94 ص ؛ _c24 سم |
||
| 650 | 0 | 4 | _aالاوزان الشعرية |
| 650 | 0 | 4 | _aاللغة العربية - العروض والقوافى |
| 650 | 0 | 4 | _aاللغة العربية - المترادفات والاضداد |
| 942 |
_2ddc _cBK |
||
| 999 |
_c53955 _d53955 |
||